[Event "White Nights Men"]
[Site "St Petersburg RUS"]
[Date "2000.06.24"]
[Round "2"]
[White "Krush,I"]
[Black "Bagirov,R"]
[Result "1-0"]
[WhiteElo "2399"]
[BlackElo "2481"]

1.c4 e6 2.Nc3 d5 3.d4 Be7 4.cxd5 exd5 5.Bf4 c6 6.Qc2 g6 7.e3 Bf5 8.Qd2 Nd7
9.f3 Ngf6 10.g4 Be6 11.Bh6 b5 12.Nh3 Nb6 13.b3 Bd6 14.Nf2 Qe7 15.Bg2 Nfd7
16.e4 O-O-O 17.e5 Bb8 18.O-O f6 19.f4 Kb7 20.Rfc1 Rc8 21.a4 b4 22.a5 bxc3
23.Qxc3 c5 24.axb6 cxd4 25.Qxd4 Nxb6 26.exf6 Qd6 27.h3 Rce8 28.Nd3 Bf7 29.Bg7 Rhg8
30.Ne5 Rxe5 31.fxe5 Qxe5 32.Qxe5 Bxe5 33.Ra2 Re8 34.Re2 Nd7 35.g5 Kb6 36.Rd1 d4
37.Rxe5 Nxe5 38.Rxd4 a5 39.Rd6+ Kc5 40.Ra6 Kb4 41.Rb6+ Kc5 42.Rb7 Rd8 43.Bf1 Rd2
44.Rb5+ Kd4 45.Bg2 Ra2 46.Bf8 Nd3 47.Bd6 Nc1 48.Rb7 Ne2+ 49.Kf1  1-0

[Event "White Nights Men"]
[Site "St Petersburg RUS"]
[Date "2000.06.26"]
[Round "4"]
[White "Krush,I"]
[Black "Mirzoev,A"]
[Result "1/2-1/2"]
[WhiteElo "2399"]
[BlackElo "2438"]

1.d4 d5 2.c4 c6 3.Nc3 Nf6 4.Nf3 a6 5.a4 e6 6.Bg5 Be7 7.e3 a5 8.Be2 O-O 9.O-O Na6
10.Ne5 Nb4 11.Bf3 Nd7 12.Bxe7 Qxe7 13.Nxd7 Bxd7 14.Qe2 Rfd8 15.Rad1 Rac8
16.g3 Be8 17.Bg2 f5 18.Rc1 Bf7 19.b3 dxc4 20.bxc4 e5 21.Rfd1 exd4 22.exd4 Qxe2
23.Nxe2 Kf8 24.Rd2 Rc7 25.f3 Ke7 26.Kf2 Kf6 27.Rc3 Rcd7 28.Bf1 g5 29.h4 h6
30.Bh3 Re7 31.Nc1 f4 32.hxg5+ hxg5 33.gxf4 gxf4 34.Ne2 Re3 35.Rxe3 fxe3+
36.Kxe3 Bxc4 37.Nc3 b5 38.f4 Nd5+ 39.Nxd5+ cxd5 40.axb5 a4 41.Rd1 Re8+ 42.Kd2 Re2+
43.Kc1 a3 44.Kb1 Bxb5 45.Bf1 Rb2+ 46.Ka1 Bxf1 47.Rxf1 Kf5 48.Rf3 Rb4 49.Ka2 Rxd4
50.Kxa3 Rxf4 51.Rh3 Ke4 52.Kb2 Rf3 53.Rh5 Kd4 54.Kc2 Kc4 55.Rh8 Rg3 56.Kd2 Rg2+
57.Kd1 Rg1+ 58.Kd2 Rg3 59.Rh7 Ra3 60.Rh8 Ra2+ 61.Kd1 d4 62.Rh3 Ra1+ 63.Kd2 Ra2+
64.Kd1 d3 65.Rh8 Kc3 66.Rc8+ Kd4 67.Rd8+ Kc3 68.Rc8+ Kd4 69.Rd8+ Kc3 70.Rc8+  1/2-1/2

[Event "White Nights Men"]
[Site "St Petersburg RUS"]
[Date "2000.07.01"]
[Round "8"]
[White "Krush,I"]
[Black "Goloshchapov,A"]
[Result "1/2-1/2"]
[WhiteElo "2399"]
[BlackElo "2561"]

1.d4 e6 2.c4 f5 3.g3 Nf6 4.Bg2 Be7 5.Nf3 O-O 6.O-O Ne4 7.Nbd2 Bf6 8.Qc2 d5
9.b3 Nc6 10.Bb2 Bd7 11.Rad1 Qe7 12.a3 a5 13.Ne5 Be8 14.Ndf3 Rd8 15.Nxc6 Bxc6
16.Rc1 Rd7 17.e3 a4 18.cxd5 axb3 19.Qxb3 Bxd5 20.Qc2 Ra8 21.Ne1 Nd6 22.Nd3 Nc4
23.Bxd5 exd5 24.Bc3 Rdd8 25.Bb4 Qe4 26.Nb2 Qxc2 27.Rxc2 b5 28.Nxc4 dxc4 29.Rb1 c6
30.Kf1 Rd7 31.Ke2 g5 32.h3 Kf7 33.g4 f4 34.Kf3 fxe3 35.fxe3 Be7 36.Rc3 Bxb4
37.Rxb4 Rda7 38.d5 Rxa3 39.Rxa3 Rxa3 40.dxc6 Ra6 41.Rxb5 Rxc6 42.Ke2 c3 43.Kd1 c2+
44.Kc1 Kg6 45.Rb2 Rc3 46.Rxc2 Rxe3 47.Rc6+ Kf7 48.Rc7+ Re7 49.Rc5  1/2-1/2

[Event "Staffordshire GM"]
[Site "Lichfield ENG"]
[Date "2000.07.08"]
[Round "3"]
[White "Crouch,C"]
[Black "Krush,I"]
[Result "1/2-1/2"]
[WhiteElo "2424"]
[BlackElo "2399"]

1.d4 d5 2.c4 dxc4 3.Nf3 Nf6 4.e3 Bg4 5.Bxc4 e6 6.Qb3 Bxf3 7.gxf3 Nbd7 8.Qxb7 c5
9.Nc3 cxd4 10.exd4 Be7 11.f4 O-O 12.Qf3 Nb6 13.Bb3 Qxd4 14.O-O Nfd5 15.Rd1 Qb4
16.Bd2 Qd6 17.Nxd5 Nxd5 18.Bc3 Rad8 19.Rac1 Bf6 20.Bxf6 gxf6 21.Bxd5 exd5
22.Rc3 Kh8 23.Rcd3 Rg8+ 24.Kh1 Qb4 25.Rb3 Qc4 26.Rb7 Rg7 27.Rxa7 Rdg8 28.Rd7 Qxa2
29.Qxd5 Qxb2 30.Rxf7 Rxf7 31.Qxf7 Qb6 32.Qd5 Qxf2 33.Qe4  1/2-1/2

[Event "Staffordshire GM"]
[Site "Lichfield ENG"]
[Date "2000.07.10"]
[Round "5"]
[White "Arkell,K"]
[Black "Krush,I"]
[Result "0-1"]
[WhiteElo "2436"]
[BlackElo "2399"]

1.d4 d5 2.c4 e6 3.Nf3 Nf6 4.Nc3 c6 5.g3 dxc4 6.Bg2 Nbd7 7.O-O b5 8.a4 b4
9.Nb1 Ba6 10.Bg5 Rc8 11.Bxf6 Qxf6 12.Nbd2 c5 13.Ne4 Qd8 14.d5 Nf6 15.Nxf6+ gxf6
16.dxe6 fxe6 17.Qc2 Bg7 18.Rad1 Qe7 19.Rfe1 O-O 20.e4 c3 21.bxc3 Rfd8 22.Bh3 Kh8
23.Rxd8+ Rxd8 24.cxb4 cxb4 25.Qc6 Qd6 26.Qxd6 Rxd6 27.e5 fxe5 28.Ng5 Rc6
29.Bxe6 Bf6 30.Bd5 Rc5 31.Ne4 Rxd5 32.Nxf6 Ra5 33.Rb1 Rxa4 34.Nd5 Bb7 35.Nxb4 Be4  0-1

[Event "Staffordshire GM"]
[Site "Lichfield ENG"]
[Date "2000.07.11"]
[Round "6"]
[White "Krush,I"]
[Black "Turner,M"]
[Result "0-1"]
[WhiteElo "2399"]
[BlackElo "2487"]

1.d4 e6 2.c4 Bb4+ 3.Bd2 Bxd2+ 4.Qxd2 Nf6 5.Nc3 d5 6.e3 O-O 7.Nf3 Nbd7 8.cxd5 exd5
9.Bd3 Qe7 10.O-O c6 11.Qc2 Re8 12.Rab1 c5 13.dxc5 Nxc5 14.Rbd1 Be6 15.Ng5 Nxd3
16.Qxd3 Red8 17.h3 Rac8 18.Qd4 a6 19.Qe5 h6 20.Nf3 Qb4 21.Rd2 Nd7 22.Qg3 Nb6
23.a3 Qc5 24.Rd4 Nc4 25.b4 Qd6 26.Qxd6 Rxd6 27.Nb1 Rdc6 28.Nfd2 Nd6 29.Nb3 Bf5
30.Rxd5 Be6 31.Rd3 Bc4 32.Rfd1 Bxd3 33.Rxd3 b6 34.N1d2 Kf8 35.a4 Ke7 36.a5 bxa5
37.bxa5 Nb7 38.Rd4 Rd8 39.Re4+ Re6 40.Ra4 Rc6 41.Nd4 Rc1+ 42.Kh2 Rdc8 43.N2b3 R1c4
44.Ra2 g6 45.Kg3 Rb4 46.Kf3 Rc3  0-1

[Event "FIDE women's World Cup Gp D"]
[Site "Shenyang CHN"]
[Date "2000.08.01"]
[Round "1"]
[White "Krush,I"]
[Black "Hoang Thanh Trang"]
[Result "1/2-1/2"]
[WhiteElo "2354"]
[BlackElo "2489"]

1.d4 f5 2.g3 Nf6 3.Bg2 g6 4.Nf3 Bg7 5.c4 O-O 6.b4 a5 7.b5 c6 8.Nc3 d5 9.cxd5 cxd5
10.O-O Nbd7 11.Ne5 Nb6 12.Ba3 Be6 13.Na4 Nxa4 14.Qxa4 Ne4 15.Rac1 f4 16.gxf4 Rxf4
17.e3 Rh4 18.Qc2 Rc8 19.Qd3 Rxc1 20.Rxc1 Qf8 21.f4 g5 22.Rc7 Bf6 23.Nd7 Bxd7
24.Rxd7 gxf4 25.Rxd5 f3 26.Bxf3 Qg7+ 27.Kf1 e6 28.Rh5 Qg6 29.Qe2 Nc3 30.Qg2 Rxh5
31.Bxh5 Qxg2+ 32.Kxg2 Nxa2 33.Bf3 Nc3 34.Bxb7 Nxb5 35.Bc1 a4 36.Bc6 Nc3 37.Ba3 Nb1
38.Bb2 a3 39.Ba1 Be7 40.Be4 Nd2 41.Bc2 Bb4 42.Kf2 Kf7 43.Ke2 Ke7 44.Kd3 h6
45.h3 Kd6 46.e4 Kc6 47.Ba4+ Kd6 48.Bc2 Kc6 49.Ba4+ Kd6 50.Bc2  1/2-1/2

[Event "FIDE women's World Cup Gp D"]
[Site "Shenyang CHN"]
[Date "2000.08.03"]
[Round "3"]
[White "Zhukova,N"]
[Black "Krush,I"]
[Result "1-0"]
[WhiteElo "2450"]
[BlackElo "2354"]

1.d4 d5 2.c4 dxc4 3.Nf3 Nf6 4.e3 e6 5.Bxc4 c5 6.O-O a6 7.a4 Nc6 8.Qe2 cxd4
9.Rd1 Be7 10.exd4 O-O 11.Nc3 Nd5 12.Bd3 Ncb4 13.Bb1 b6 14.Qe4 f5 15.Qe2 Bf6
16.Ra3 Re8 17.Nxd5 Qxd5 18.Bd2 a5 19.Bxb4 axb4 20.Ba2 Qd6 21.Re3 Rxa4 22.Bb3 Ra7
23.Ne5 f4 24.Re4 Ba6 25.Qh5 Rae7 26.Rxf4 Bxe5 27.dxe5 Qc6 28.Rfd4 Bb7 29.Qg5 Qc5
30.Rd7 Bc6 31.Bxe6+ Kh8 32.Rxe7 Rxe7 33.Rc1 Rxe6 34.Rxc5 bxc5 35.Qd8+ Re8
36.Qd6  1-0

[Event "FIDE women's World Cup Gp D"]
[Site "Shenyang CHN"]
[Date "2000.08.04"]
[Round "4"]
[White "Krush,I"]
[Black "Xie Jun"]
[Result "1/2-1/2"]
[WhiteElo "2354"]
[BlackElo "2568"]

1.d4 Nf6 2.Nf3 g6 3.Nc3 d5 4.Bf4 Bg7 5.Nb5 Na6 6.h3 c6 7.Na3 O-O 8.e3 c5
9.Be2 b6 10.O-O Bb7 11.c3 Ne4 12.Nb5 Nd6 13.Nxd6 exd6 14.Qb3 Nc7 15.a4 Bc6
16.Rfd1 Qe7 17.a5 b5 18.Qa3 Ne6 19.Rd2 Nxf4 20.exf4 Rab8 21.b4 c4 22.Nh2 Qh4
23.Bg4 h5 24.g3 Qf6 25.Bf3 Rbe8 26.Qb2 Qf5 27.h4 Re6 28.Nf1 Rfe8 29.Ne3 Rxe3
30.fxe3 a6 31.Re1 Qe6 32.Qc2 f5  1/2-1/2

[Event "It"]
[Site "Presov SVK"]
[Date "2000.08.13"]
[Round "2"]
[White "Krush,I"]
[Black "Makarov,M"]
[Result "0-1"]
[WhiteElo "2354"]
[BlackElo "2515"]

1.d4 d5 2.c4 dxc4 3.e3 e6 4.Bxc4 c5 5.Nf3 a6 6.O-O Nf6 7.Bb3 Nc6 8.Qe2 cxd4
9.Rd1 Be7 10.exd4 Na5 11.Bc2 b5 12.Nc3 Bb7 13.Bg5 O-O 14.d5 exd5 15.Nd4 g6
16.Qf3 Re8 17.Re1 Ne4 18.Bxe7 Qxe7 19.Qf4 Nc4 20.b3 Qd6 21.Qxd6 Ncxd6 22.Nce2 Rac8
23.f3 Nc5 24.Kf2 Ne6 25.Bd3 Nxd4 26.Nxd4 Rxe1 27.Kxe1 Kf8 28.Kd2 Ke7 29.a4 bxa4
30.Rxa4 Ra8 31.Kc3 a5 32.Ne2 Bc6 33.Ra1 Ne8 34.Kd4 Kd6 35.f4 Ng7 36.g3 Ne6+
37.Kc3 Bb7 38.Ra4 Rc8+ 39.Kd2 Nc5 40.Ra3 Nxd3 41.Kxd3 Ba6+ 42.Kd2 Bxe2 43.Kxe2 Rc5
44.Kd3 Rb5 45.Kd4 Ke6 46.g4 Kd6 47.h3 h5 48.gxh5 gxh5 49.f5 f6 50.h4 Rb4+
51.Kc3 Rxh4 52.Rxa5 Rf4 53.Ra6+ Ke5 54.b4 h4 55.b5 h3 56.Ra2 Rc4+ 57.Kb3 Kxf5
58.Rd2 Ke6 59.b6 Rc6 60.Rh2 Rxb6+ 61.Kc3 Ra6  0-1

[Event "It"]
[Site "Presov SVK"]
[Date "2000.08.16"]
[Round "5"]
[White "Manik,M"]
[Black "Krush,I"]
[Result "1-0"]
[WhiteElo "2425"]
[BlackElo "2354"]

1.e4 c5 2.Nf3 d6 3.d4 cxd4 4.Nxd4 Nf6 5.Nc3 Nc6 6.f3 e5 7.Nb3 Be7 8.Be3 O-O
9.Qd2 a5 10.Bb5 Na7 11.Be2 Bd7 12.Rd1 a4 13.Nc1 a3 14.b3 Qc7 15.Nb1 Rfc8
16.c4 b5 17.O-O bxc4 18.Bxc4 Nc6 19.Ne2 Be6 20.Rc1 Qb7 21.Rfd1 Rd8 22.Nec3 Nb4
23.Nd5 Nbxd5 24.exd5 Bd7 25.Nc3 Rdb8 26.h3 Nh5 27.Ne2 Bd8 28.f4 Nxf4 29.Nxf4 exf4
30.Bxf4 Bf6 31.Re1 Qb6+ 32.Kh2 Re8 33.Rxe8+ Rxe8 34.Re1 Rxe1 35.Qxe1 Qc5
36.Qg3 Be7 37.Be3 Qc8 38.Bd4 Bf8 39.Qg5 Bf5 40.Bc3 Bb1 41.Bb4 Bxa2 42.Bxa3 Bb1
43.Qg3 Qc7 44.Bb2 Be4 45.Qe3 f5 46.Qd4 Qe7 47.b4 Qg5 48.Qf2 Bxg2 49.b5 Bxh3
50.b6 Qh5 51.b7 Bg4+ 52.Kg1 Bf3 53.Kf1 Qh1+ 54.Qg1 Qh3+ 55.Ke1 Qh4+ 56.Kd2 Qxc4
57.b8=Q Qxd5+ 58.Qd4 Qxd4+ 59.Bxd4 Be4 60.Qb3+ d5 61.Qb7 f4 62.Qd7 Bg6 63.Qxd5+ Bf7
64.Qd8  1-0

[Event "It"]
[Site "Presov SVK"]
[Date "2000.08.17"]
[Round "6"]
[White "Krush,I"]
[Black "Sherbakov,R"]
[Result "0-1"]
[WhiteElo "2354"]
[BlackElo "2558"]

1.d4 Nf6 2.c4 c5 3.d5 e6 4.Nc3 exd5 5.cxd5 d6 6.e4 g6 7.Nf3 a6 8.a4 Bg4 9.Be2 Bxf3
10.Bxf3 Nbd7 11.O-O Bg7 12.Bf4 Qe7 13.Qc2 O-O 14.h3 Rab8 15.a5 Ne8 16.Rfe1 Nc7
17.Be2 b5 18.Bh2 Bd4 19.Bf1 Rfe8 20.Rad1 Rbc8 21.Ne2 Bg7 22.Nc1 Qf8 23.Nd3 Bd4
24.Kh1 Nf6 25.f3 h5 26.b4 c4 27.Nc1 Ba7 28.Na2 h4 29.g4 hxg3 30.Bxg3 Nh5
31.Bh2 Rcd8 32.Nc3 Qg7 33.Bg2 Qf6 34.Ne2 Qh4 35.f4 Re7 36.Rf1 Ne8 37.Qc3 Neg7
38.Nd4 Bxd4 39.Rxd4 Rde8 40.f5 Re5 41.f6 Nxf6 42.Rf4 Qg5 43.h4 Qh6 44.Rxf6 Qxh4
45.Rf4 Qh6 46.Kg1 Rh5 47.Bg3 Ree5 48.Rf1 Reg5 49.Rf3 Rg4 50.e5 Rxg3 51.Rxg3 Nf5
52.exd6 Nxg3 53.Qxg3 Qc1+ 54.Bf1 Rf5 55.Qh3 Rh5 56.Rh4 Qg5+ 57.Qg4 c3 58.Bd3 Qe3+
59.Kh1 Qe1+ 60.Kg2 Rxh4 61.Qg3 Qh1+ 62.Kf2 Rh2+ 63.Ke3 Rh3  0-1

[Event "It"]
[Site "Presov SVK"]
[Date "2000.08.18"]
[Round "7"]
[White "Novkovic,Mi"]
[Black "Krush,I"]
[Result "1-0"]
[WhiteElo "2402"]
[BlackElo "2354"]

1.c4 e6 2.e4 d5 3.exd5 exd5 4.d4 Nf6 5.Nc3 Be7 6.Nf3 O-O 7.cxd5 Nbd7 8.Bd3 Nb6
9.h3 Nbxd5 10.O-O h6 11.Re1 c6 12.a3 Re8 13.Ne5 Be6 14.Na4 Nd7 15.Bc2 N5f6
16.Bf4 Nxe5 17.Bxe5 Nd7 18.Bf4 Bf6 19.Qd3 Nf8 20.Rad1 b6 21.Nc3 Qd7 22.Qg3 Kh8
23.Be5 Bf5 24.Bxf6 gxf6 25.Be4 Bxe4 26.Nxe4 Re6 27.Qf4 Kg7 28.Ng3 Nh7 29.Nf5+ Kh8
30.Nxh6 Rae8 31.Rxe6 fxe6 32.Ng4 Rf8 33.Re1 Kg7 34.Re3 Kh8 35.Rg3 Qe7 36.Nh6 f5
37.Rg6 a5 38.Qe5+ Nf6 39.Nxf5  1-0

[Event "It"]
[Site "Presov SVK"]
[Date "2000.08.19"]
[Round "8"]
[White "Krush,I"]
[Black "Kalod,R"]
[Result "0-1"]
[WhiteElo "2354"]
[BlackElo "2483"]

1.d4 Nf6 2.c4 g6 3.Nc3 d5 4.Nf3 Bg7 5.Bg5 Ne4 6.cxd5 Nxg5 7.Nxg5 c6 8.dxc6 Nxc6
9.d5 Qa5 10.Qd2 O-O 11.dxc6 Rd8 12.Qc1 bxc6 13.e4 Rb8 14.Bc4 Rxb2 15.Bxf7+ Kf8
16.O-O Rdd2 17.Be6 Qxg5 18.Bxc8 Rbc2 19.Qa3 Rxf2 20.Rxf2+ Rxf2 21.Bh3 Bd4
22.Kh1 Qf6 23.Qa6 Bxc3 24.Rd1 Bd4 25.a4 Kg7 26.Qd3 c5 27.g3 a5 28.Bg2 h5
29.Rf1 h4 30.gxh4 Qxh4 31.Rxf2 Qxf2 32.Qf1 Qe3 33.e5 Qxe5 34.Bc6 c4 35.Qxc4 Qe1+
36.Kg2 Qf2+ 37.Kh3 Be5 38.Bg2 Qg1  0-1

[Event "3rd Int"]
[Site "Torshavn FAI"]
[Date "2000.10.07"]
[Round "2"]
[White "Krush,I"]
[Black "Petersen,Te"]
[Result "1-0"]
[WhiteElo "2354"]
[BlackElo "2142"]

1.d4 Nf6 2.c4 c5 3.d5 b5 4.cxb5 a6 5.b6 e6 6.Nc3 Nxd5 7.Nxd5 exd5 8.Qxd5 Nc6
9.Nf3 Rb8 10.e4 Be7 11.Bd2 O-O 12.Bc3 Qxb6 13.Be2 d6 14.O-O Be6 15.Qd2 h6
16.Rfd1 Rfd8 17.Qf4 Nb4 18.Qg3 Bf8 19.a3 Na2 20.Bf6 Rdc8 21.Nd2 Kh8 22.Bc4 gxf6
23.Rxa2 Qb7 24.Qd3 Rc6 25.b3 Rb6 26.h3 Qd7 27.Rc2 f5 28.Bxe6 fxe6 29.exf5 d5
30.fxe6 Qxe6 31.Rcc1 Bd6 32.Re1 Qf7 33.Re3 Qf4 34.g3 Qg5 35.Rce1 R8b7 36.Re8+ Kg7
37.Qc3+ Qf6 38.Qd3 Qg5 39.h4 Qh5 40.Qc3+ Kf7 41.Qh8 Qg6 42.R1e3  1-0

[Event "3rd Int"]
[Site "Torshavn FAI"]
[Date "2000.10.09"]
[Round "4"]
[White "Krush,I"]
[Black "Samuelsen,C"]
[Result "1-0"]
[WhiteElo "2354"]
[BlackElo "2055"]

1.d4 Nf6 2.c4 e6 3.Nc3 d5 4.cxd5 exd5 5.Bg5 Be7 6.e3 O-O 7.Bd3 Nbd7 8.Nge2 c6
9.Qc2 Re8 10.O-O h6 11.Bh4 Ne4 12.Bxe7 Qxe7 13.b4 Qxb4 14.Nxe4 dxe4 15.Bxe4 Nf6
16.Bd3 Qe7 17.Nf4 g5 18.Ne2 Nd5 19.Qd2 Qb4 20.Qc1 Bg4 21.Rb1 Qe7 22.Nc3 Nb4
23.Bc4 b5 24.Bb3 a5 25.Qd2 Be6 26.Bxe6 Qxe6 27.e4 Rad8 28.f4 f6 29.h4 gxh4
30.f5 Qc4 31.Rbd1 Kh7 32.a3 Na6 33.Rf4 Rg8 34.Rxh4 Rg5 35.e5 Rdg8 36.Rh2 fxe5
37.Ne4 Qxd4+ 38.Qxd4 exd4 39.Nf6+ Kg7 40.Nxg8 Kxg8 41.Rxh6 Rxf5 42.Rxc6 Nc5
43.Rxd4 Kf7 44.Rb6 Ne6 45.Rd7+  1-0

[Event "3rd Int"]
[Site "Torshavn FAI"]
[Date "2000.10.10"]
[Round "5"]
[White "Naes,F"]
[Black "Krush,I"]
[Result "1/2-1/2"]
[WhiteElo "2271"]
[BlackElo "2354"]

1.c4 e6 2.e4 c5 3.Nc3 Nc6 4.Nf3 Nd4 5.d3 Ne7 6.Bg5 Qb6 7.Rb1 Nec6 8.Be2 Bd6
9.O-O O-O 10.Nxd4 Nxd4 11.Be3 Be7 12.Kh1 Qd8 13.f4 d6 14.Bf3 Bf6 15.Qd2 Rb8
16.b4 b6 17.Bd1 Bb7 18.Ne2 Nxe2 19.Bxe2 Qc7 20.a3 Rfd8 21.Bf3 Bc6 22.Qf2 a5
23.d4 cxd4 24.Bxd4 Bxd4 25.Qxd4 e5 26.Qd2 exf4 27.Qxf4 Bd7 28.Rbc1 Rbc8 29.Rfd1 Ba4
30.Rd4 Qe7 31.h3 h6 32.Qd2 Qc7 33.Rc3 axb4 34.axb4 Bd7 35.Rc1 Be6 36.Be2 f6
37.Rd1 Qf7 38.Rxd6 Rxd6 39.Qxd6 Bxc4 40.Bxc4 Qxc4 41.Qxb6 Qxe4 42.Rd8+ Rxd8
43.Qxd8+ Kh7 44.Qd6 f5 45.Qd2 f4 46.Qc3 Qe2 47.Kh2 Qf1 48.Qc2+ Kh8 49.Qb3 Qe2
50.Qc3 Qf1 51.Qe5 Kg8 52.Qe8+ Kh7 53.Qe4+ Kh8 54.Qd4 f3 55.gxf3 Qxf3 56.h4 Kh7
57.Kg1 Qe2 58.Qf4 Qe1+ 59.Kg2 Qe2+ 60.Kg3 Kh8 61.Qd4 Qe1+ 62.Kf3 Qf1+ 63.Ke4 Qe2+
64.Kd5 Qb5+ 65.Kd6 Qa6+ 66.Kc7 Qe6 67.b5 Qe7+ 68.Kc6 Qe6+ 69.Kc7 Qe7+ 70.Qd7 Qe5+
71.Kc8 Qc5+ 72.Kb7 Qb4 73.Qd8+ Kh7 74.Qd3+ Kh8 75.Qd8+ Kh7 76.b6 Qe4+ 77.Kc8 Qe6+
78.Kb8 Qe5+ 79.Ka8 Qa1+ 80.Kb8 Qe5+ 81.Qc7 Qe8+ 82.Kb7 Qe4+ 83.Kc8 Qe8+ 84.Qd8 Qe6+
85.Kc7 Qc4+ 86.Kd7 Qd5+ 87.Ke7 Qe5+ 88.Kf7 Qf5+ 89.Ke7 Qe5+ 90.Kd7 Qd5+ 91.Kc7 Qc4+
92.Kb8 Qf4+ 93.Qc7 Qf8+ 94.Qc8 Qf4+ 95.Ka7 Qe5 96.Qc2+ Kh8 97.Ka6 Qa1+ 98.Kb5 Qe5+
99.Qc5 Qe8+ 100.Kc4 Qe6+ 101.Kd3 Qb3+ 102.Kd4 Qb2+ 103.Kd5 Qg2+ 104.Kd6 Qg6+
105.Ke7 Qe4+ 106.Kd7 Qg4+ 107.Kc7 Qf4+ 108.Kc8 Qg4+ 109.Kb8 Qxh4 110.Qc8+ Kh7
111.Qf5+ Kh8 112.Qc8+ Kh7 113.Qc2+ Kh8 114.b7 Qf4+ 115.Ka8 Qf3 116.Qc8+ Kh7
117.Qc2+ Kh8 118.Qc5 Qe4 119.Ka7 Qa4+ 120.Kb6 Qb3+ 121.Kc7 Qf7+ 122.Kc8 Qe8+
123.Kc7 Qf7+ 124.Kc6 Qe8+ 125.Kb6 Qe6+ 126.Qc6 Qe3+ 127.Kc7 Qe7+ 128.Kc8 Qf8+
129.Kd7 Qf5+ 130.Qe6 Qb5+ 131.Kc7 Qc5+ 132.Kd8 Qa5+ 133.Ke8 Qb5+ 134.Qd7 Qe5+
135.Kf7 Qf6+ 136.Ke8 Qe5+ 137.Kd8 Qa5+ 138.Kc8 Qc5+ 139.Kb8 Qe5+ 140.Ka8 Qa5+
141.Kb8 Qe5+ 142.Qc7 Qe4 143.Qd6 Kh7 144.Qc5 Qe8+ 145.Kc7 Qf7+ 146.Kb6 Qb3+
147.Qb5 Qe3+ 148.Kc6 Qe6+ 149.Kc5 Qe5+ 150.Kc4 Qe4+ 151.Kc3 Qe1+ 152.Kc2 Qf2+
153.Kb1 Qe1+ 154.Ka2 Qd2+ 155.Ka3 Qc3+ 156.Ka2 Qc2+ 157.Ka1 Qc3+ 158.Kb1 Qe1+
159.Kc2 Qf2+ 160.Kc3 Qe1+ 161.Kd4 Qf2+ 162.Kd5 Qf5+ 163.Kc6 Qe6+ 164.Kc7 Qe7+
165.Qd7  1/2-1/2

[Event "3rd Int"]
[Site "Torshavn FAI"]
[Date "2000.10.11"]
[Round "6"]
[White "Krush,I"]
[Black "Gunnarsson,J"]
[Result "1-0"]
[WhiteElo "2354"]
[BlackElo "2368"]

1.d4 Nf6 2.c4 c5 3.d5 b5 4.cxb5 a6 5.b6 e6 6.Nc3 Nxd5 7.Nxd5 exd5 8.Qxd5 Nc6
9.Nf3 Rb8 10.e4 Be7 11.Bc4 O-O 12.Bd2 Rxb6 13.Bc3 Bb7 14.Qd2 Nb4 15.O-O-O Bxe4
16.Qxd7 Qxd7 17.Rxd7 Bf6 18.Re1 Bg6 19.Ne5 Bg5+ 20.Kd1 Rf6 21.Nxg6 Rxg6 22.Re5 Nc6
23.Rxc5 Be7 24.Rf5 Rd6+ 25.Rxd6 Bxd6 26.Bxa6 Rd8 27.Rd5 Bxh2 28.Rxd8+ Nxd8
29.g3 h5 30.Ke2  1-0

[Event "3rd Int"]
[Site "Torshavn FAI"]
[Date "2000.10.13"]
[Round "8"]
[White "Krush,I"]
[Black "Hillarp Persson,T"]
[Result "0-1"]
[WhiteElo "2354"]
[BlackElo "2549"]

1.d4 d5 2.c4 c6 3.Nc3 dxc4 4.e4 b5 5.a4 b4 6.Na2 Nf6 7.e5 Nd5 8.Bxc4 e6 9.Nf3 Be7
10.O-O O-O 11.Bd2 a5 12.Nc1 Ba6 13.Qe2 Nb6 14.Bxa6 Nxa6 15.Nd3 Qd5 16.Nf4 Qb3
17.Be3 Nd5 18.Nxd5 Qxd5 19.Rac1 b3 20.Rc3 Rfb8 21.Nd2 c5 22.Nf3 cxd4 23.Nxd4 Nb4
24.Rd1 Qxe5 25.Rxb3 Rc8 26.Rc3 Bf6 27.Rdc1 Rxc3 28.bxc3 Nd5 29.Bd2 Rc8 30.Qd3 h5
31.h3 Qc7 32.c4 Nf4 33.Bxf4 Qxf4 34.Ne2 Qe5 35.Qe3 Qf5 36.c5 Bg5 37.f4 Be7
38.c6 Qd5 39.Qb6 Ba3 40.Rc3 Bb4 41.Rc1 Bd2 42.Qb7 Qd8 43.Rc2 Be3+ 44.Kh2 Rc7
45.Qb5 Qd6 46.Rc4 f5 47.Qxa5 g5 48.Qb4 Qxb4 49.Rxb4 Rxc6 50.fxg5 Bxg5 51.Nd4 Ra6
52.Nb3 Be7 53.Rc4 Rb6 54.Rc3 Bb4 55.Re3 Kf7 56.Kg3 Ra6 57.Kh4 Be7+ 58.Kxh5 Ra8  0-1

[Event "US-China Summit"]
[Site "Seattle USA"]
[Date "2001.03.18"]
[Round "4"]
[White "Krush,I"]
[Black "Wang Lei"]
[Result "1/2-1/2"]
[WhiteElo "2380"]
[BlackElo "2473"]

1.e4 c5 2.Nf3 Nc6 3.d4 cxd4 4.Nxd4 Nf6 5.Nc3 e5 6.Ndb5 d6 7.Bg5 a6 8.Na3 b5
9.Nd5 Be7 10.Bxf6 Bxf6 11.c3 O-O 12.Nc2 Bg5 13.Be2 Rb8 14.O-O a5 15.b4 Be6
16.a4 bxa4 17.Rxa4 axb4 18.cxb4 Ne7 19.Bc4 Nxd5 20.Bxd5 Qc7 21.Bxe6 fxe6
22.Na3 Rf4 23.Qd3 Be7 24.g3 Rf6 25.b5 Qb7 26.Qe3 Bd8 27.Ra7 Qb6 28.Ra6 Qxe3
29.fxe3 Rxf1+ 30.Kxf1 Bb6 31.Nc4 Bc5 32.Nxd6 Bxd6 33.Rxd6 Rxb5 34.Rxe6 Kf7
35.Ra6 Rb4 36.Kf2  1/2-1/2

[Event "It"]
[Site "Oakham ENG"]
[Date "2001.03.29"]
[Round "1"]
[White "Krush,I"]
[Black "Estrada Nieto,J"]
[Result "1-0"]
[WhiteElo "2380"]
[BlackElo "2372"]

1.e4 e5 2.Nf3 Nc6 3.Bb5 a6 4.Ba4 Nf6 5.O-O b5 6.Bb3 Bc5 7.c3 d6 8.a4 Bb7
9.d4 Bb6 10.Re1 O-O 11.Bg5 h6 12.Bh4 g5 13.Nxg5 hxg5 14.Bxg5 exd4 15.Bd5 Kg7
16.cxd4 Qd7 17.Ra3 Nh7 18.Rg3 Kh8 19.Qh5 Bxd4 20.e5 Bxe5 21.Bf6+ Bxf6 22.Be4  1-0

[Event "It"]
[Site "Oakham ENG"]
[Date "2001.03.31"]
[Round "3"]
[White "Krush,I"]
[Black "McNab,C"]
[Result "1-0"]
[WhiteElo "2380"]
[BlackElo "2403"]

1.e4 g6 2.d4 d6 3.Nc3 Bg7 4.Be3 Nf6 5.h3 c6 6.Nf3 Qa5 7.Nd2 Qc7 8.f4 O-O
9.g4 b5 10.e5 Nd5 11.Nxd5 cxd5 12.Bg2 Nc6 13.O-O Bb7 14.Rc1 Rad8 15.c3 Na5
16.b3 Qb6 17.Qe1 b4 18.Nb1 Nc6 19.Qd2 dxe5 20.fxe5 f6 21.exf6 exf6 22.cxb4 Nxb4
23.a3 Na6 24.Nc3 Rfe8 25.Kh1 Kh8 26.b4 Qe6 27.Bf4 Qd7 28.b5 Nc7 29.Na4 Ne6
30.Nc5 Nxc5 31.Rxc5 Bf8 32.a4 Qe6 33.Rc7 Rd7 34.Rfc1 Rxc7 35.Rxc7 Qb6 36.Qd3 a5
37.Qd2 Bb4 38.Qf2 Be1 39.Qc2 Qxd4 40.Rxb7 Qxf4 41.Qc6 Rd8 42.Rf7 Kg8 43.Qb7 Qh6
44.Qe7 Rb8 45.Qxf6 Bh4 46.Rf8+  1-0

[Event "It"]
[Site "Oakham ENG"]
[Date "2001.04.04"]
[Round "7"]
[White "Krush,I"]
[Black "Pert,N"]
[Result "1/2-1/2"]
[WhiteElo "2380"]
[BlackElo "2455"]

1.e4 e6 2.d4 d5 3.exd5 exd5 4.Bd3 Bd6 5.Ne2 Ne7 6.Bf4 Bf5 7.O-O O-O 8.Bxd6 Qxd6
9.Bxf5 Nxf5 10.Qd3 Ne7  1/2-1/2

[Event "It"]
[Site "Oakham ENG"]
[Date "2001.04.06"]
[Round "9"]
[White "Krush,I"]
[Black "Koneru,H"]
[Result "0-1"]
[WhiteElo "2380"]
[BlackElo "2299"]

1.e4 c6 2.d4 d5 3.e5 Bf5 4.Nc3 e6 5.g4 Bg6 6.Nge2 f6 7.Bg2 Nd7 8.Bf4 fxe5
9.dxe5 Qb6 10.Rb1 h5 11.g5 O-O-O 12.O-O Ne7 13.Be3 Qc7 14.b4 Nf5 15.Bf4 Nxe5
16.b5 Bd6 17.bxc6 Nxc6 18.Nb5 Qf7 19.Qd2 Bxf4 20.Qxf4 a6 21.Nbc3 Nfd4 22.Qc1 Nf3+
23.Kh1 h4 24.h3 Be4 25.Qe3 Rhf8 26.Nxe4 dxe4 27.Rfd1 Rxd1+ 28.Rxd1 Qc7 29.Bxf3 Rxf3
30.Qxe4 Rxh3+ 31.Kg1 Qh2+ 32.Kf1 Qh1+ 33.Qxh1 Rxh1+ 34.Ng1 h3  0-1

[Event "GM"]
[Site "Hampstead ENG"]
[Date "2001.04.17"]
[Round "1"]
[White "Krush,I"]
[Black "Palliser,R"]
[Result "1-0"]
[WhiteElo "2380"]
[BlackElo "2342"]

1.e4 c5 2.Nf3 d6 3.d4 cxd4 4.Nxd4 Nf6 5.Nc3 a6 6.Bg5 e6 7.f4 Nc6 8.e5 h6
9.Bh4 g5 10.Bg3 Nxd4 11.Qxd4 dxe5 12.Qxd8+ Kxd8 13.fxe5 Nd7 14.O-O-O Bg7
15.Be2 b5 16.Ne4 Ke7 17.Rhf1 Nxe5 18.Be1 f5 19.Bc3 Bd7 20.Nc5 Bc6 21.Bf3 Rhc8
22.Bxc6 Rxc6 23.b4 Rd8 24.Rxd8 Kxd8 25.Bb2 Bf6 26.Re1 Ng4 27.Bxf6+ Nxf6 28.Nxe6+ Kd7
29.Nd4 Rc4 30.Nxf5 Rf4 31.Nxh6 Rh4 32.Nf5 Rxh2 33.Re7+ Kc8 34.Ne3 Rh1+ 35.Kd2 Rh4
36.a3 Rf4 37.Kd3 Ng4 38.Nd5 Kd8 39.Nxf4 Kxe7 40.Nd5+ Kd6 41.Kd4 Ne5 42.Ne3 Nc6+
43.Ke4 Ke6 44.c4 bxc4 45.Nxc4 Ne7 46.Ne3 Nc8 47.Kd4 Kd6 48.Nc4+ Kc6 49.Ke5 Ne7
50.Kf6 Nd5+ 51.Kxg5 Kb5 52.Nb2  1-0

[Event "GM"]
[Site "Hampstead ENG"]
[Date "2001.04.18"]
[Round "3"]
[White "Krush,I"]
[Black "Crouch,C"]
[Result "0-1"]
[WhiteElo "2380"]
[BlackElo "2403"]

1.e4 c6 2.d4 d5 3.exd5 cxd5 4.Bd3 Nc6 5.c3 Nf6 6.h3 g6 7.Bf4 Bf5 8.Bxf5 gxf5
9.Nf3 Rg8 10.O-O e6 11.Re1 Ne4 12.c4 Bd6 13.Bxd6 Qxd6 14.cxd5 exd5 15.Nc3 O-O-O
16.Ne2 Qh6 17.Kf1 Qg7 18.Nf4 Nxf2 19.Kxf2 Qg3+ 20.Kf1 Qxf4 21.Rc1 Rd6 22.Qd2 Qxd2
23.Nxd2 Re6 24.Nf3 Re4 25.Rc5 Rxe1+ 26.Nxe1 Rd8 27.Nf3 Kb8 28.a3 f6 29.Ke2 Ne7
30.Nh4 Rd6 31.Rc3 Re6+ 32.Kf2 Re4 33.Nf3 f4 34.Rc5 b6 35.Rc2 Kb7 36.b4 Nf5
37.Re2 Ne3 38.Rd2 Nc4 39.Ra2 Re3 40.a4 Rb3 41.b5 Rb2+ 42.Rxb2 Nxb2 43.Nd2 Nxa4
44.Nb1 a6 45.bxa6+ Kxa6 46.Kf3 Kb5 47.Kxf4 Kc4 48.Kf5 Nc3 49.Nd2+ Kxd4 50.Nf3+ Ke3
51.Kxf6 d4 52.Kg7 h5 53.Kg6 b5 54.Kxh5 b4 55.Ne5 d3 56.g4 d2 57.Nc4+ Ke2
58.Nxd2 Kxd2 59.g5 Nd5 60.g6 Nf4+  0-1

[Event "GM"]
[Site "Hampstead ENG"]
[Date "2001.04.19"]
[Round "4"]
[White "Koneru,H"]
[Black "Krush,I"]
[Result "0-1"]
[WhiteElo "2311"]
[BlackElo "2380"]

1.Nf3 g6 2.g3 Bg7 3.c4 e5 4.Nc3 f5 5.d3 d6 6.Bg2 Nf6 7.O-O O-O 8.Rb1 h6 9.b4 g5
10.Bb2 Qe8 11.Nd5 Nxd5 12.cxd5 a5 13.b5 Nd7 14.Qc2 Nc5 15.Qc4 b6 16.Nd2 Qh5
17.Rfe1 f4 18.Ne4 Rf7 19.Nxc5 bxc5 20.b6 cxb6 21.Qb5 Bh3 22.Bxh3 Qxh3 23.Qc6 Rd8
24.Qxb6 Rdd7 25.Qb8+ Rf8 26.Qb5 Rdf7 27.Rf1 g4 28.gxf4 exf4  0-1

[Event "GM"]
[Site "Hampstead ENG"]
[Date "2001.04.20"]
[Round "6"]
[White "Hunt,A"]
[Black "Krush,I"]
[Result "0-1"]
[WhiteElo "2431"]
[BlackElo "2380"]

1.e4 c5 2.Nf3 d6 3.d4 cxd4 4.Nxd4 Nf6 5.Nc3 Nc6 6.Bc4 Qb6 7.Nde2 e6 8.O-O a6
9.Bb3 Be7 10.Bg5 O-O 11.Kh1 Qc7 12.Qd3 b5 13.Rad1 Ne5 14.Qd4 Bb7 15.f4 Nc6
16.Qd3 b4 17.Nb1 Na5 18.Nd2 h6 19.Bh4 Rac8 20.Rc1 Rfd8 21.Bf2 d5 22.e5 Ne4
23.Bd4 Nc4 24.Nxe4 dxe4 25.Qxc4 Qa5 26.Qxc8 Rxc8 27.f5 Bd5 28.f6 gxf6 29.exf6 Bd6
30.c4 bxc3 31.Bxc3 Qb5 32.Bxd5 Qxd5 33.Rfd1 Qh5 34.Rxd6 Qxe2  0-1